The Darfur conflict (Record no. 13003)
[ view plain ]
| 000 -LEADER | |
|---|---|
| fixed length control field | 01922nam a2200397Ia 4500 |
| 001 - CONTROL NUMBER | |
| control field | 9780203836163 |
| 003 - CONTROL NUMBER IDENTIFIER | |
| control field | BD-DhSAU |
| 005 - DATE AND TIME OF LATEST TRANSACTION | |
| control field | 20151012151723.0 |
| 006 - FIXED-LENGTH DATA ELEMENTS--ADDITIONAL MATERIAL CHARACTERISTICS | |
| fixed length control field | a|||||s||||||||||| |
| 007 - PHYSICAL DESCRIPTION FIXED FIELD--GENERAL INFORMATION | |
| fixed length control field | cr|||| |
| 008 - FIXED-LENGTH DATA ELEMENTS--GENERAL INFORMATION | |
| fixed length control field | 101115s2011 nyuad sb 001 0 eng d |
| 020 ## - INTERNATIONAL STANDARD BOOK NUMBER | |
| International Standard Book Number | 9780203836163 (e-book : PDF) |
| 040 ## - CATALOGING SOURCE | |
| Original cataloging agency | BD-DhSAU |
| Transcribing agency | BD-DhSAU |
| 043 ## - GEOGRAPHIC AREA CODE | |
| Geographic area code | f-sj--- |
| 090 ## - LOCALLY ASSIGNED LC-TYPE CALL NUMBER (OCLC); LOCAL CALL NUMBER (OCLC) | |
| Classification number (OCLC) (R) ; Classification number, CALL (RLIN) (NR) | DT159.6.D27 |
| Local cutter number (OCLC) ; Book number/undivided call number, CALL (RLIN) | S85 2011 |
| 092 ## - LOCALLY ASSIGNED DEWEY CALL NUMBER (OCLC) | |
| Classification number | 962.4043 |
| Item number | S949 |
| 100 1# - MAIN ENTRY--PERSONAL NAME | |
| Personal name | Suliman, Mohamed Osman, |
| Dates associated with a name | 1951- |
| 245 14 - TITLE STATEMENT | |
| Title | The Darfur conflict |
| Medium | [electronic resource] : |
| Remainder of title | geography or institutions? / |
| Statement of responsibility, etc. | Osman Suliman. |
| 260 ## - PUBLICATION, DISTRIBUTION, ETC. (IMPRINT) | |
| Place of publication, distribution, etc. | New York : |
| Name of publisher, distributor, etc. | Routledge, |
| Date of publication, distribution, etc. | 2011. |
| 300 ## - PHYSICAL DESCRIPTION | |
| Extent | xv, 231 p. : |
| Other physical details | ill. |
| 490 1# - SERIES STATEMENT | |
| Series statement | Routledge African studies ; |
| Volume/sequential designation | 2 |
| 504 ## - BIBLIOGRAPHY, ETC. NOTE | |
| Bibliography, etc | Includes bibliographical references (p. [205]-221) and index. |
| 505 0# - FORMATTED CONTENTS NOTE | |
| Formatted contents note | Background and introduction -- Geography -- The impact of the conflict on livelihoods -- Poor governance and institutional failures: an overview -- Ecology and environmental degradation -- Failure of economic institutions: development projects -- Economic institutions: marketing and credit markets -- Land tenure/use problem: conflict between customary and statutory laws -- The breakdown of local institutions: native administration -- Social institutions and the Sudanese identity crisis -- Democratic institutions and federalism: will they support power-sharing? -- Concluding remarks. |
| 530 ## - ADDITIONAL PHYSICAL FORM AVAILABLE NOTE | |
| Additional physical form available note | Also available in print edition. |
| 538 ## - SYSTEM DETAILS NOTE | |
| System details note | Mode of access: World Wide Web. |
| 650 #0 - SUBJECT ADDED ENTRY--TOPICAL TERM | |
| Topical term or geographic name as entry element | Human geography |
| Geographic subdivision | Sudan. |
| 650 #0 - SUBJECT ADDED ENTRY--TOPICAL TERM | |
| Topical term or geographic name as entry element | Human ecology |
| Geographic subdivision | Sudan. |
| 651 #0 - SUBJECT ADDED ENTRY--GEOGRAPHIC NAME | |
| Geographic name | Sudan |
| General subdivision | History |
| Chronological subdivision | Darfur Conflict, 2003- |
| 651 #0 - SUBJECT ADDED ENTRY--GEOGRAPHIC NAME | |
| Geographic name | Sudan |
| General subdivision | Economic conditions. |
| 651 #0 - SUBJECT ADDED ENTRY--GEOGRAPHIC NAME | |
| Geographic name | Sudan |
| General subdivision | Politics and government. |
| 655 #7 - INDEX TERM--GENRE/FORM | |
| Genre/form data or focus term | Electronic books. |
| Source of term | lcsh |
| 776 1# - ADDITIONAL PHYSICAL FORM ENTRY | |
| International Standard Book Number | 9780415885980 |
| 776 1# - ADDITIONAL PHYSICAL FORM ENTRY | |
| International Standard Book Number | 0415885981 |
| 830 #0 - SERIES ADDED ENTRY--UNIFORM TITLE | |
| Uniform title | Routledge African studies ; |
| Volume number/sequential designation | 2. |
| 856 40 - ELECTRONIC LOCATION AND ACCESS | |
| Uniform Resource Identifier | <a href="http://www.tandfebooks.com/isbn/9780203836163">http://www.tandfebooks.com/isbn/9780203836163</a> |
No items available.
